000 00671nam a2200253Ia 4500
003 OSt
005 20221006153754.0
006 a|||||r|||| 00| 0
007 ta
008 221006b |||||||| |||| 00| 0 eng d
020 _a0804832870
024 _a33,308
037 _cAnnuals, Advances
040 _aEASL
_cEASL
_beng
041 _2eng
_aeng
082 _aY54v42, P1
100 _aKURE Mitsuo Au.
_9665388
245 0 _aSamurai
_b An Illustrated History
260 _aBoston
_bTuttle Publishing
_c2001
300 _a192p.
_ccm.
490 _v JEL
942 _hY54v42, P1
_cREF
_2CC
999 _c1101394
_d1101394